[Event "SG Königskinder Hohentübingen-SV Welper "]
[Site "DVM U14 in Arendsee"]
[Date "2009.12.28"]
[Round "3.4"]
[White "Reimer, Benedict"]
[Black "Engelbracht, Lukas"]
[Result "1/2-1/2"]
[WhiteElo "1447"]
[BlackElo "1109"]
[PlyCount "56"]
[EventDate "2009.??.??"]
[WhiteTeam "SG Königskinder Hohentübingen"]
[BlackTeam "SV Welper 1922"]

1. e4 {[%emt 0:00:00]} e6 2. d4 d5 3. exd5 exd5 4. Nf3 Bd6 5. Be3 Bg4 6. Nbd2
Ne7 7. Bd3 Nd7 8. O-O O-O 9. Bxh7+ Kxh7 10. Ng5+ Kg8 11. Qxg4 Ng6 12. Qh3 Nf6
13. Ndf3 Re8 14. Nh4 Nf4 15. Bxf4 Bxf4 16. Ngf3 g6 17. g3 Bd6 18. Ng2 Nh7 19.
Ne3 c6 20. Qh4 Be7 21. Qh3 Ng5 22. Nxg5 Bxg5 23. Rae1 Qb6 24. Qg4 Bxe3 25. Rxe3
Rxe3 26. fxe3 Qxb2 27. Qd7 Rf8 28. Rf2 f5 1/2-1/2

[Event "SV Merseburg-Treptower SV 1949"]
[Site "DVM U14 in Arendsee"]
[Date "2009.12.28"]
[Round "3.1"]
[White "Pixa, Richard"]
[Black "Gering, Samuel"]
[Result "0-1"]
[WhiteElo "1671"]
[BlackElo "1915"]
[PlyCount "106"]
[EventDate "2009.??.??"]
[WhiteTeam "Treptower SV 1949"]
[BlackTeam "SV Merseburg"]

1. e4 c6 2. d4 d5 3. exd5 cxd5 4. Bd3 Nc6 5. c3 Nf6 6. Bf4 Bg4 7. Qb3 Qc8 8.
Nd2 e6 9. Ngf3 Be7 10. O-O O-O 11. Rfe1 a6 12. Ne5 Bh5 13. a4 Bd6 14. Bg3 Qc7
15. Ndf3 Rab8 16. Nxc6 bxc6 17. Qc2 Bg6 18. Bxd6 Qxd6 19. Bxg6 hxg6 20. Ne5 c5
21. dxc5 Qxc5 22. Nd3 Qc7 23. Re2 Rfc8 24. Rc1 Nd7 25. b3 Qb7 26. Rb1 Nc5 27.
Nxc5 Rxc5 28. Qd3 Qc6 29. Re3 Rc8 30. Rc1 Qb7 31. Rb1 R8c6 32. Qd2 Qc7 33. Rc1
Rb6 34. Rb1 Qb8 35. Qd1 Rc4 36. b4 Qc7 37. Qd2 Rbc6 38. Rb3 d4 39. cxd4 Rc1+
40. Re1 Rxe1+ 41. Qxe1 Rc1 42. Rb1 Rxe1+ 43. Rxe1 Qc3 44. Rb1 Qc2 45. Ra1 Qb2
46. Rd1 Qxb4 47. h3 Qxa4 48. Rd3 Qc4 49. Rd1 a5 50. Kh2 a4 51. Rd2 a3 52. Rd1
a2 53. Ra1 Qb3 0-1

[Event "SV Merseburg-Treptower SV 1949"]
[Site "DVM U14 in Arendsee"]
[Date "2009.12.28"]
[Round "3.2"]
[White "Knopf, Felix"]
[Black "Döring, André Patrick"]
[Result "1/2-1/2"]
[WhiteElo "1645"]
[BlackElo "1554"]
[PlyCount "118"]
[EventDate "2009.??.??"]
[WhiteTeam "SV Merseburg"]
[BlackTeam "Treptower SV 1949"]

1. d4 {[%emt 0:00:00]} d5 2. c4 c6 3. Nc3 e6 4. cxd5 exd5 5. Nf3 Nf6 6. Bg5 Be7
7. Qc2 Be6 8. e3 Nbd7 9. Bd3 O-O 10. O-O Re8 11. Rab1 Nf8 12. b4 Rc8 13. Rfc1
Ng6 14. Na4 b6 15. Qe2 h6 16. Bxf6 Bxf6 17. a3 Bg4 18. h3 Bh5 19. Qd1 Nh4 20.
Be2 Nxf3+ 21. Bxf3 Bg6 22. Rb3 Qd6 23. Rbc3 Bf5 24. Bg4 Bxg4 25. Qxg4 Qe6 26.
Qxe6 Rxe6 27. R3c2 Be7 28. Rc3 Bf6 29. R3c2 Be7 30. Rc3 b5 31. Nc5 Rg6 32. Nb7
Kf8 33. Na5 c5 34. dxc5 Bf6 35. Rd3 Ke7 36. Rcd1 Rg5 37. Rxd5 Rxd5 38. Rxd5 Bb2
39. Rd3 Rc7 40. Kf1 a6 41. Ke2 Rd7 42. Nc6+ Ke8 43. Nd4 g6 44. Kd2 f5 45. Kc2
Ba1 46. Rd1 Bxd4 47. exd4 Re7 48. Kd3 Kd7 49. g4 f4 50. d5 Re5 51. Kd4 Re2 52.
c6+ Kc7 53. Rc1 Rd2+ 54. Ke5 g5 55. f3 Rd3 56. Kf6 Rxd5 57. Kg6 Rd6+ 58. Kg7
Re6 59. Kf7 Rd6 1/2-1/2

[Event "SV Merseburg-Treptower SV 1949"]
[Site "DVM U14 in Arendsee"]
[Date "2009.12.28"]
[Round "3.3"]
[White "Klodt, Nicolas"]
[Black "Hoffmann, Dustin"]
[Result "0-1"]
[WhiteElo "1192"]
[BlackElo "1471"]
[PlyCount "102"]
[EventDate "2009.??.??"]
[WhiteTeam "Treptower SV 1949"]
[BlackTeam "SV Merseburg"]

1. e4 {[%emt 0:00:00]} c5 2. Nf3 Nc6 3. Nc3 d6 4. d4 cxd4 5. Nxd4 Nf6 6. Bb5
Bd7 7. Be3 g6 8. Qf3 Bg7 9. Nxc6 bxc6 10. Bc4 O-O 11. Bg5 Qa5 12. Bxf6 Bxf6 13.
h4 Rab8 14. Bb3 d5 15. exd5 cxd5 16. Qxd5 Bxc3+ 17. bxc3 Qxc3+ 18. Qd2 Qxa1+
19. Qd1 Qxd1+ 20. Kxd1 Rfd8 21. Kc1 Be6 22. Bxe6 fxe6 23. Re1 Rb6 24. Re2 Rbd6
25. Kb2 Kf7 26. Re3 Rd5 27. g3 Rd2 28. Rf3+ Kg7 29. Re3 Rxf2 30. Rxe6 Kf7 31.
Ra6 Rdd2 32. Rxa7 Rxc2+ 33. Kb3 Rb2+ 34. Kc4 Rxa2 35. Rxa2 Rxa2 36. Kd5 Re2 37.
Kd4 e5+ 38. Kd3 Rg2 39. Ke4 Kf6 40. Kf3 Ra2 41. g4 h5 42. gxh5 gxh5 43. Ke4
Ra4+ 44. Kf3 e4+ 45. Kf4 Rb4 46. Ke3 Kf5 47. Ke2 Kf4 48. Kf2 Rb2+ 49. Ke1 Kf3
50. Kd1 e3 51. Kc1 Rd2 0-1

[Event "SV Merseburg-Treptower SV 1949"]
[Site "DVM U14 in Arendsee"]
[Date "2009.12.28"]
[Round "3.4"]
[White "Jacob, Hannes"]
[Black "Heldt, Ronny"]
[Result "1-0"]
[WhiteElo "1377"]
[BlackElo "1365"]
[PlyCount "63"]
[EventDate "2009.??.??"]
[WhiteTeam "SV Merseburg"]
[BlackTeam "Treptower SV 1949"]

1. e4 {[%emt 0:00:00]} e6 2. d4 d5 3. Nc3 Nf6 4. Bg5 dxe4 5. Nxe4 Nbd7 6. Nf3
h6 7. Nxf6+ Nxf6 8. Be3 Nd5 9. Bd3 Nxe3 10. fxe3 c5 11. c3 Be7 12. Qc2 O-O 13.
O-O-O Qc7 14. h4 f5 15. Ne5 Bd6 16. Ng6 Rf6 17. h5 Bd7 18. e4 fxe4 19. Bxe4 Be8
20. Kb1 a5 21. Rdf1 Bxg6 22. hxg6 Raf8 23. Rxf6 Rxf6 24. Qe2 c4 25. Rf1 Bf4 26.
Qg4 b5 27. g3 Bxg3 28. Rxf6 gxf6 29. Qxe6+ Kg7 30. Bd5 Kxg6 31. Qg4+ Kh7 32.
Qg8# 1-0

[Event "SC Einheit Bautzen-SC Eppingen"]
[Site "DVM U14 in Arendsee"]
[Date "2009.12.28"]
[Round "3.1"]
[White "Noe, Christopher"]
[Black "Rührmund, Daniel"]
[Result "1-0"]
[WhiteElo "1930"]
[BlackElo "1887"]
[PlyCount "65"]
[EventDate "2009.??.??"]
[WhiteTeam "SC Eppingen"]
[BlackTeam "SC Einheit Bautzen"]

1. e4 {[%emt 0:00:00]} c5 2. c4 Nc6 3. Nc3 g6 4. g3 Bg7 5. Bg2 e6 6. Nge2 Nge7
7. O-O O-O 8. d3 a6 9. Be3 Nd4 10. Qd2 Rb8 11. Bh6 Bxh6 12. Qxh6 Nec6 13. Qd2
b5 14. cxb5 axb5 15. Nxd4 Nxd4 16. Ne2 Nxe2+ 17. Qxe2 Ba6 18. Qd2 b4 19. a3 b3
20. Rac1 Qb6 21. Rc3 Rfc8 22. Rfc1 d6 23. h4 Bb7 24. h5 d5 25. exd5 Bxd5 26.
hxg6 hxg6 27. Qe3 Bxg2 28. Kxg2 Qc6+ 29. f3 Rb5 30. Qh6 e5 31. Rh1 f5 32. Qh8+
Kf7 33. Qxe5 1-0

[Event "SC Einheit Bautzen-SC Eppingen"]
[Site "DVM U14 in Arendsee"]
[Date "2009.12.28"]
[Round "3.2"]
[White "Hase, Albert"]
[Black "Hahn, Cedric"]
[Result "1-0"]
[WhiteElo "1564"]
[BlackElo "1387"]
[PlyCount "147"]
[EventDate "2009.??.??"]
[WhiteTeam "SC Einheit Bautzen"]
[BlackTeam "SC Eppingen"]

1. d4 {[%emt 0:00:00]} e6 2. c4 d5 3. Nc3 Nf6 4. cxd5 exd5 5. Bg5 Nbd7 6. Qc2
c6 7. Nf3 Bd6 8. e3 h6 9. Bh4 O-O 10. Bd3 Qc7 11. O-O Re8 12. Rfc1 Qb6 13. Na4
Qd8 14. Rab1 Be7 15. Bxf6 Nxf6 16. b4 Bd7 17. Nc5 Bc8 18. Rb3 Nd7 19. Nxd7 Bxd7
20. Ne5 Rc8 21. Qb1 Bf6 22. Nxd7 Qxd7 23. Bf5 Qd6 24. Bxc8 Rxc8 25. b5 c5 26.
dxc5 Rxc5 27. Rxc5 Qxc5 28. g3 d4 29. a4 g6 30. exd4 Bxd4 31. Rf3 Qd5 32. Qb3
Qd7 33. Rd3 Qg4 34. Kg2 Qe4+ 35. Rf3 Qe7 36. Qd5 Bc5 37. Rc3 b6 38. Rd3 Kg7 39.
Rd2 Qe1 40. Ra2 Qb1 41. Re2 Qb4 42. Qe5+ Kh7 43. Qe4 Qb3 44. h4 h5 45. Kh2 Qd1
46. Kg2 Qb3 47. Qf3 Qc4 48. Re4 Qa2 49. Rf4 Kg7 50. Qc3+ Kh7 51. Qc4 Qxc4 52.
Rxc4 Kg7 53. Re4 Kf6 54. f3 g5 55. hxg5+ Kxg5 56. Re8 Kf5 57. Kh3 Kg5 58. Ra8
f5 59. f4+ Kf6 60. Rxa7 Ke6 61. a5 bxa5 62. Rxa5 Kd5 63. b6 Kc6 64. Rxc5+ Kxb6
65. Rxf5 h4 66. gxh4 Kc6 67. Re5 Kd6 68. h5 Kd7 69. h6 Kd6 70. h7 Kd7 71. h8=Q
Kc7 72. Qf6 Kd7 73. Re7+ Kd8 74. Qf8# 1-0

[Event "SC Einheit Bautzen-SC Eppingen"]
[Site "DVM U14 in Arendsee"]
[Date "2009.12.28"]
[Round "3.3"]
[White "Essig, Philipp"]
[Black "Vu Tuan, Minh"]
[Result "0-1"]
[WhiteElo "1049"]
[BlackElo "1399"]
[PlyCount "108"]
[EventDate "2009.??.??"]
[WhiteTeam "SC Eppingen"]
[BlackTeam "SC Einheit Bautzen"]

1. e4 {[%emt 0:00:00]} c5 2. Nc3 e6 3. Nf3 Nc6 4. d3 Nf6 5. Bg5 Be7 6. e5 Ng4
7. Bxe7 Qxe7 8. Nb5 O-O 9. Qe2 f6 10. O-O-O Ncxe5 11. Nxe5 Nxe5 12. d4 cxd4 13.
Nxd4 b6 14. Qe3 Bb7 15. Qh3 Rac8 16. f4 Ng6 17. Bd3 f5 18. Qg3 a6 19. Rde1 Qd6
20. Rhf1 Qxd4 21. Kb1 b5 22. Rd1 Qc5 23. c3 Rcd8 24. Bc2 Be4 25. Bxe4 fxe4 26.
Qg4 Qf5 27. Qxf5 exf5 28. g3 Ne7 29. Rd6 Rf6 30. Rxf6 gxf6 31. Rd1 d5 32. Kc2
Nc6 33. Kb3 Kf7 34. a4 Ke6 35. Ka3 d4 36. cxd4 Rxd4 37. Rxd4 Nxd4 38. axb5 axb5
39. Kb4 Kd5 40. Kc3 e3 41. Kd3 e2 42. Kd2 Kc4 43. h3 h6 44. Ke1 Kd3 45. b4 h5
46. g4 fxg4 47. hxg4 hxg4 48. f5 Nxf5 49. Kf2 Kd2 50. Kg2 e1=R 51. Kh2 Re3 52.
Kg2 Nh4+ 53. Kf2 g3+ 54. Kf1 Re1# 0-1

[Event "SC Einheit Bautzen-SC Eppingen"]
[Site "DVM U14 in Arendsee"]
[Date "2009.12.28"]
[Round "3.4"]
[White "Röpke, Markus"]
[Black "Schückler, Jan"]
[Result "1/2-1/2"]
[WhiteElo "1210"]
[BlackElo "869"]
[PlyCount "68"]
[EventDate "2009.??.??"]
[WhiteTeam "SC Einheit Bautzen"]
[BlackTeam "SC Eppingen"]

1. e4 {[%emt 0:00:00]} e5 2. Nf3 Nc6 3. Bc4 Nf6 4. d3 Bc5 5. c3 d6 6. Bb3 Be6
7. Bc2 d5 8. exd5 Qxd5 9. O-O O-O-O 10. Bg5 Bg4 11. c4 Bxf3 12. cxd5 Bxd1 13.
Rxd1 Rxd5 14. Nc3 Rd7 15. Na4 Bd4 16. Be3 Bxe3 17. fxe3 Nb4 18. Bb1 Rhd8 19. d4
exd4 20. Bf5 dxe3 21. Nc5 e2 22. Rd2 Kb8 23. Nxd7+ Nxd7 24. Bxd7 c6 25. Rxe2
Rxd7 26. a3 Na6 27. Rc1 Nc7 28. Rce1 Ne6 29. Re3 h6 30. Kf2 Rd2+ 31. R1e2 Rd6
32. Kg3 b5 33. Rb3 a6 34. a4 Kb7 1/2-1/2

[Event "SG Grün-Weiß Dresden-SV Balingen"]
[Site "DVM U14 in Arendsee"]
[Date "2009.12.28"]
[Round "3.2"]
[White "Schrell, Konrad"]
[Black "Gomer, Dieter"]
[Result "0-1"]
[WhiteElo "1539"]
[BlackElo "1249"]
[PlyCount "62"]
[EventDate "2009.??.??"]
[WhiteTeam "SG Grün-Weiß Dresden"]
[BlackTeam "SV Balingen"]

1. e4 {[%emt 0:00:00]} e5 2. Nf3 Nc6 3. d4 exd4 4. Nxd4 Nf6 5. Nxc6 bxc6 6. Nc3
d5 7. Bg5 Be7 8. exd5 cxd5 9. Bd3 Bb7 10. O-O O-O 11. Re1 d4 12. Ne2 Qd5 13.
Be4 Nxe4 14. Bxe7 Nxf2 15. Nf4 Nh3+ 16. Kf1 Nxf4 17. Qg4 Rfe8 18. Bf6 Qxg2+ 19.
Qxg2 Bxg2+ 20. Kf2 gxf6 21. Kg3 Rxe1 22. Rxe1 Nd5 23. Kxg2 Ne3+ 24. Kf3 Nxc2
25. Rg1+ Kf8 26. Ke4 Rd8 27. a3 d3 28. Rd1 f5+ 29. Kf4 d2 30. Kf3 Ke7 31. Ke2
Ke6 0-1

[Event "SG Grün-Weiß Dresden-SV Balingen"]
[Site "DVM U14 in Arendsee"]
[Date "2009.12.28"]
[Round "3.3"]
[White "Ilitsch, Marc"]
[Black "Lang, Sebastian"]
[Result "1-0"]
[WhiteElo "1171"]
[BlackElo "1182"]
[PlyCount "57"]
[EventDate "2009.??.??"]
[WhiteTeam "SV Balingen"]
[BlackTeam "SG Grün-Weiß Dresden"]

1. e4 {[%emt 0:00:00]} e6 2. Nf3 c5 3. c3 Nf6 4. d3 Nc6 5. Bg5 Be7 6. Be2 O-O
7. O-O h6 8. Bh4 d5 9. e5 Nd7 10. Bg3 Qb6 11. Qc2 Bd8 12. Rd1 a6 13. d4 Qa7 14.
Bf4 Bb6 15. Be3 f6 16. Bd3 cxd4 17. cxd4 Nb4 18. Bh7+ Kh8 19. Qg6 fxe5 20. Bxh6
gxh6 21. Qxh6 Rf6 22. Bg6+ Kg8 23. dxe5 Bxf2+ 24. Kh1 Rxg6 25. Qxg6+ Kf8 26.
Ng5 Ke7 27. Qxe6+ Kd8 28. Nf7+ Kc7 29. Qd6# 1-0